| 000 | 00722nam a2200217 i 4500 | ||
|---|---|---|---|
| 001 | 146643 | ||
| 003 | ES-MaACL | ||
| 005 | 20250815111835.0 | ||
| 007 | t| | ||
| 008 | 070913s1931 sp ||||1| spa d | ||
| 100 | 1 |
_aTreadwell, F. P. _9111265 |
|
| 245 | 1 | 0 |
_aTratado de química analítica / _cpor Frederick Pearson Treadwell, continuado por W.D. Treadwell ; traducida de la decimocuarta alemana por Emilio Jimeno. |
| 250 | _a3ª ed. española. | ||
| 260 |
_aBarcelona : _bManuel Marin, _c1931. |
||
| 300 |
_a2 v. ; _c20cm. |
||
| 650 | 0 | 7 |
_aQuímica analítica _2embne _916630 |
| 700 | 1 |
_aTreadwell, W. D. _9111266 |
|
| 700 | 1 |
_aJimeno, Emilio. _966638 |
|
| 852 |
_aES-MaACL _jA-2683-84 |
||
| 999 |
_c146643 _d146643 |
||